|
|
|
|
| LEADER |
01023cam a2200265 7i4500 |
| 001 |
0000057996 |
| 005 |
20210311090000.0 |
| 020 |
|
|
|a 9780071793704 (electronic book)
|
| 090 |
0 |
0 |
|a RM701
|b .H66 2014
|
| 100 |
1 |
|
|a Hoogenboom, Barbara J
|
| 245 |
1 |
0 |
|a Musculoskeletal interventions :
|b techniques for therapeutic exercise
|c Barbara J. Hoogenboom, Michael L. Voight, William E. Prentice.
|
| 264 |
|
|
|a New York:
|b McGraw-Hill Education,
|c 2014.
|
| 300 |
|
|
|a 1 online resource (1147 pages):
|b colour illustrations, text file, PDF.
|
| 336 |
|
|
|a text
|2 rdacontent
|
| 337 |
|
|
|a computer
|2 rdamedia
|
| 338 |
|
|
|a online resource
|2 rdacarrier
|
| 650 |
|
0 |
|a Musculoskeletal system --
|x Diseases --
|x Patients --
|x Rehabilitation
|
| 650 |
|
0 |
|a Medical rehabilitation
|
| 650 |
|
0 |
|a Physical therapy
|
| 655 |
|
0 |
|a Electronic books
|
| 700 |
1 |
|
|a Voight, Michael L.
|
| 700 |
1 |
|
|a Prentice, William E.
|
| 997 |
|
|
|a Health Sciences, Faculty
|
| 998 |
|
|
|a Physiotherapy, Diploma
|
| 999 |
|
|
|a EBO0004267
|b EBOOK
|c EBOOK
|e Electronic resources
|